000
00319nam a2200121Ia 4500
008
210430s9999 xx 000 0 und d
082
_a
070J26S
100
_a
Dr. Shafiq Jalandhri
_9
128875
245
_a
Sahafat aur Ablagh /
_c
Shafiq Jalandhri
260
_a
Lahore
_b
Dr.SHAFIQ
_c
2008
300
_a
367P
942
_c
BK
_2
ddc
999
_c
563371
_d
563371